KAFTAN: OTTOMAN ROYAL GARMENTS [MVS]

Saved in:
Bibliographic Details
Main Author Nurhan Atasoy
Format Book
Published 2022

Cover

LEADER 00000nam a2200000 a 4500
001 115693
003 CZ-ZlUTB
005 20260522125210.0
008 s d
100 1 |a Nurhan Atasoy 
245 0 0 |a KAFTAN: OTTOMAN ROYAL GARMENTS  |n [MVS] 
260 |c 2022 
942 |2 udc 
952 |0 0  |1 0  |4 0  |6 MVS  |7 0  |8 OTHER  |9 191263  |a UTBZL  |b UTBZL  |c 045  |d 2026-05-22  |h Titul z meziknihovní výpůjční služby, nelze vypůjčit ani rezervovat  |l 1  |o MVS  |p 172297903010  |q 2026-06-11  |r 2026-05-22 12:52:56  |s 2026-05-22  |w 2026-05-22  |y 14 
992 |a IL 
993 |x NEPOSILAT  |y NESPEC 
999 |c 115693  |d 115693